00478nam a2200133Ia 4500008004100000245011400041260004900155260000900204300001000213500001400223650001600237999001900253952007200272170224s9999 xx 000 0 und d aEvidence for the social role theory of stereotype content: Observations of groups’ roles shape stereotypes. bJournal of Personality and Social Psychology c2014 a107:3 aSeptember xPsychology. c316480d316480 001040aCLbCLd2017-02-24l0r2017-02-24 00:00:00w2017-02-24ySE